[Event "Vizag GM Open 2012"]
[Site "Visakhapatnam IND"]
[Date "2012.10.31"]
[Round "8.14"]
[White "Rahman,Tai"]
[Black "Rathnakaran,K"]
[Result "0-1"]
[WhiteElo "2324"]
[BlackElo "2439"]

1.d4 Nf6 2.Nf3 g6 3.c4 Bg7 4.Nc3 O-O 5.e4 d6 6.Be2 Nbd7 7.O-O e5 8.Re1 a5
9.Bf1 Re8 10.Rb1 exd4 11.Nxd4 Nc5 12.f3 c6 13.Bg5 Qc7 14.Qd2 b6 15.Rbd1 Ba6
16.Nb3 Nb7 17.Nd4 Nc5 18.Nb3 Nb7 19.Nb5 Bxb5 20.cxb5 c5 21.Bc4 a4 22.Nc1 Na5
23.b3 axb3 24.axb3 Nxc4 25.bxc4 Nd7 26.Ne2 Ne5 27.Qc2 Ra3 28.Bc1 Ra7 29.Bb2 Rea8
30.Ra1 Rxa1 31.Rxa1 Rxa1+ 32.Bxa1 Nxf3+ 33.gxf3 Bxa1 34.Nf4 Qd8 35.Nd5 Qg5+
36.Kh1 Bd4 37.Qd1 Qh4 38.Qe2 Qd8 39.Qd1 h5 40.Qd2 Kg7 41.Qf4 Qa8 42.Qc1 Qa2
43.Qf1 Be5 44.f4 Bd4 45.Nxb6 Qc2 46.Qf3 h4 47.Nd5 h3 48.Ne3 Bxe3  0-1

[Event "16th OIBM 2012"]
[Site "Bad Wiessee GER"]
[Date "2012.11.01"]
[Round "6.22"]
[White "Hammes,M"]
[Black "Schultz,A"]
[Result "1-0"]
[WhiteElo "2368"]
[BlackElo "2237"]

1.d4 Nf6 2.c4 g6 3.Nc3 Bg7 4.e4 d6 5.Nf3 O-O 6.Be2 e5 7.O-O Na6 8.Be3 Ng4
9.Bg5 Qe8 10.dxe5 dxe5 11.h3 h6 12.Bd2 Nf6 13.Be3 Qe7 14.Nd5 Qd8 15.Nxf6+ Qxf6
16.c5 Nb8 17.b4 Nc6 18.b5 Nd4 19.Bxd4 exd4 20.e5 Qf4 21.g3 Qe4 22.Re1 Qd5
23.Bf1 Rd8 24.Qb3 Qxc5 25.Bc4 Qe7 26.Nh4 Be6 27.Nxg6 Qe8 28.Nf4 Bxc4 29.Qxc4 Rd7
30.Nd3 Qe6 31.Qxe6 fxe6 32.f4 Bf8 33.a4 Rc8 34.Rec1 Kf7 35.Rc4 c5 36.Kf2 h5
37.Kf3 Kg6 38.Ke4 Rf7 39.a5 Rcc7 40.g4 hxg4 41.hxg4 Rh7 42.f5+ Kf7 43.Rf1 Rh3
44.fxe6+ Ke8 45.Rf3 Rxf3 46.Kxf3 b6 47.Ke4 Bh6 48.Kd5 Bd2 49.axb6 axb6 50.Rc2 Bg5
51.Rh2 Be7 52.Nb2 Kf8 53.Nc4 Kg7 54.Nxb6 d3 55.Nc4 Rc8 56.b6 Rd8+ 57.Kc6 Bg5
58.b7  1-0

[Event "Chigorin Memorial"]
[Site "St Petersburg RUS"]
[Date "2012.11.01"]
[Round "6.16"]
[White "Eljanov,P"]
[Black "Dolzhikova,K"]
[Result "1-0"]
[WhiteElo "2681"]
[BlackElo "2313"]

1.d4 Nf6 2.c4 g6 3.Nc3 Bg7 4.e4 d6 5.Nf3 O-O 6.Be2 e5 7.O-O exd4 8.Nxd4 Re8
9.f3 c6 10.Kh1 Nbd7 11.Bg5 Qb6 12.Na4 Qa5 13.Bf4 Ne5 14.Nc3 Be6 15.Nxe6 Rxe6
16.a3 Rd8 17.b4 Qc7 18.Qd2 Ree8 19.Bg5 Ned7 20.Rfd1 Nf8 21.Rac1 Ne6 22.Nd5 cxd5
23.cxd5 Qe7 24.dxe6 fxe6 25.Qe3 b6 26.Rc6 Rd7 27.Ba6 e5 28.Bb5 Red8 29.Rdc1 Kh8
30.R6c2 Rb7 31.Ba6 Rbb8 32.Rc7 Rd7 33.Qc3 Rbd8 34.Bb5 Rxc7 35.Qxc7 Qxc7 36.Rxc7 a5
37.bxa5 bxa5 38.Rf7 Rc8 39.g3 Kg8 40.Rxf6 Bxf6 41.Bxf6 Rc1+ 42.Kg2 Kf7 43.Bd8 Rc2+
44.Kh3 a4 45.Bxa4 Rc3 46.Kg4 d5 47.Bb5 d4 48.a4 d3 49.Bg5 Ra3 50.a5 Rxa5
51.Bxd3 Ra3 52.Bc4+ Kg7 53.f4 h6 54.Be7 h5+ 55.Kg5 Rc3 56.Bf6+ Kf8 57.Bd5 Rc2
58.fxe5 Rxh2 59.e6 Rc2 60.e7+ Ke8  1-0

[Event "Chigorin Memorial"]
[Site "St Petersburg RUS"]
[Date "2012.11.01"]
[Round "6.129"]
[White "Doronkin,Grigory"]
[Black "Basencyan,M"]
[Result "1-0"]
[WhiteElo "1942"]
[BlackElo "2139"]

1.d4 Nf6 2.c4 g6 3.Nc3 Bg7 4.e4 d6 5.Nf3 O-O 6.Be2 e5 7.Be3 Nc6 8.d5 Ne7
9.Nd2 c5 10.O-O Nd7 11.Rb1 f5 12.f3 f4 13.Bf2 g5 14.b4 b6 15.bxc5 bxc5 16.Nb3 Rf7
17.Nb5 Qb6 18.a4 a5 19.Be1 Bf8 20.Bc3 Ng6 21.Qd2 Qd8 22.Bxa5 Nb6 23.Bxb6 Qxb6
24.a5 Qd8 25.Ra1 Ra6 26.Nc1 h5 27.Qd1 Rg7 28.Nd3 Rxa5 29.Rxa5 Qxa5 30.Nf2 Nh8
31.h3 Nf7 32.Qa1 Qd8 33.Qa8 Nh6 34.Ra1 Rb7 35.Ra7 Rxa7 36.Qxa7 Nf7 37.Qb8 Qd7
38.Nd1 Be7 39.Na7 Qa4 40.Qxc8+ Bf8 41.Nc6 Qc2 42.Kf1 Kg7 43.Qd7 Kg6 44.Qf5+ Kg7
45.Nd8 Nxd8 46.Qxg5+ Kf7 47.Qxd8 Be7 48.Qd7 h4 49.Qb7 Qd2 50.Qb2 Qa5 51.Nc3 Bd8
52.Nb5 Ke7 53.Qa3 Qd2 54.Na7 Kf6 55.Nc6 Bc7 56.Qa1 Kg5 57.Qd1 Qa2 58.Kg1 Qb2
59.Kh2 Kh5 60.Bd3 Qc3 61.Qe2 Qb3 62.Qc2 Qa3 63.Qb1 Qa8 64.Bf1 Qa3 65.Qb7 Qa1
66.Qxc7 Qxf1 67.Qh7+ Kg5 68.Qg7+ Kh5 69.Qg4+  1-0

[Event "Chigorin Memorial"]
[Site "St Petersburg RUS"]
[Date "2012.11.01"]
[Round "6.157"]
[White "Volskaya,Vera"]
[Black "Pitkanen,Ju"]
[Result "0-1"]
[WhiteElo "1929"]
[BlackElo "1763"]

1.d4 Nf6 2.c4 g6 3.Nc3 Bg7 4.Nf3 d6 5.e4 O-O 6.Be2 Na6 7.O-O e5 8.d5 Nc5
9.Nd2 a5 10.f3 Nh5 11.Nb3 b6 12.Nxc5 bxc5 13.g3 f5 14.f4 Nf6 15.fxe5 Nxe4
16.Nxe4 fxe4 17.e6 Rxf1+ 18.Bxf1 a4 19.Rb1 c6 20.Be3 Bb7 21.Bg2 cxd5 22.cxd5 Ba6
23.Bxe4 Bc4 24.Qd2 Bxa2 25.Rf1 Rb8 26.b4 Bc4 27.Rf7 a3 28.Rxg7+ Kxg7 29.Bh6+ Kg8
30.Qc3 Qe7 31.Qxc4 cxb4 32.Bc2 Qa7+ 33.Kg2 a2 34.e7 a1=Q 35.Qe4 Qe5 36.Qxe5 dxe5
37.d6 Qd7 38.Bb3+ Kh8 39.Bf8 Re8 40.Bf7 b3 41.Bxb3 Qxd6  0-1

[Event "TCh-NOR Eliteserien 2012-13"]
[Site "Haraldsheim NOR"]
[Date "2012.11.02"]
[Round "5"]
[White "Bae,T"]
[Black "Gabrielsen,T"]
[Result "1-0"]
[WhiteElo "2442"]
[BlackElo "2277"]

1.d4 Nf6 2.c4 g6 3.Nc3 Bg7 4.e4 d6 5.Nf3 O-O 6.Be2 e5 7.O-O exd4 8.Nxd4 Re8
9.f3 Nc6 10.Be3 Nh5 11.Nxc6 bxc6 12.Qd2 f5 13.c5 d5 14.Bg5 Bf6 15.Bxf6 Nxf6
16.exd5 Nxd5 17.Bc4 Be6 18.Rfe1 Kg7 19.Bxd5 cxd5 20.Nb5 Qd7 21.Qc3+ Kg8 22.c6 Qd8
23.Qe5 Bf7 24.Qxc7 Qh4 25.Qa5 Rxe1+ 26.Rxe1 Qc4 27.c7 Qc5+ 28.Kh1 a6 29.a4 d4
30.b4 Qc4 31.Nd6 Qc3 32.Rg1 Qc6 33.c8=Q+ Rxc8 34.Nxc8 Qxc8 35.b5 axb5 36.axb5 Bd5
37.b6 Qc6 38.Rb1 Qc2  1-0

[Event "TCh-AUT 2012-13"]
[Site "Hohenems AUT"]
[Date "2012.11.02"]
[Round "1.1"]
[White "Bosiocic,Mari"]
[Black "Antoniewski,R"]
[Result "1-0"]
[WhiteElo "2571"]
[BlackElo "2557"]

1.d4 Nf6 2.c4 d6 3.Nc3 Nbd7 4.Nf3 e5 5.e4 g6 6.Be2 Bg7 7.O-O O-O 8.Qc2 exd4
9.Nxd4 c6 10.Bf4 Qe7 11.Rad1 Re8 12.Rfe1 Ne5 13.Bg3 Bg4 14.f4 Bxe2 15.Qxe2 Ned7
16.Qf3 Nb6 17.b3 Nfd7 18.Bf2 Nc5 19.h4 a5 20.h5 Nbd7 21.Re2 a4 22.b4 Ne6
23.Nxe6 Qxe6 24.c5 dxc5 25.bxc5 Ra5 26.e5 Nxc5 27.Red2 Bf8 28.Bh4 Raa8 29.Bf6 Be7
30.Rd6 Bxd6 31.Rxd6 Qf5 32.g4 Qc2 33.f5 Qc1+ 34.Kg2 g5 35.h6 a3 36.Rd4 b5
37.Ne2 Qc2 38.Qe3 Kf8 39.Kf2 Ra7 40.Qxg5 Ne6 41.fxe6 fxe6 42.Be7+ Rexe7 43.Qf6+  1-0

[Event "Chigorin Memorial"]
[Site "St Petersburg RUS"]
[Date "2012.11.02"]
[Round "7.24"]
[White "Sasikiran,K"]
[Black "Can,E"]
[Result "1-0"]
[WhiteElo "2680"]
[BlackElo "2449"]

1.d4 Nf6 2.c4 g6 3.Nc3 Bg7 4.e4 d6 5.Nf3 O-O 6.Be2 e5 7.O-O Nbd7 8.Be3 Re8
9.d5 Nh5 10.g3 Bf8 11.Ne1 Ng7 12.Nd3 f5 13.f3 a5 14.Qd2 b6 15.Kg2 Be7 16.Rae1 Ba6
17.b3 Nf6 18.Bd1 Bc8 19.Bh6 Bd7 20.f4 fxe4 21.fxe5 exd3 22.exf6 Bxf6 23.Rxe8+ Nxe8
24.Ne4 Bg7 25.Bxg7 Kxg7 26.g4 c5 27.Ng5 Nf6 28.Qc3 Qe7 29.Re1 Qf8 30.Ne4  1-0

[Event "Vizag GM Open 2012"]
[Site "Visakhapatnam IND"]
[Date "2012.11.02"]
[Round "10.16"]
[White "Ashwath,R"]
[Black "Iuldachev,S"]
[Result "0-1"]
[WhiteElo "2254"]
[BlackElo "2458"]

1.d4 Nf6 2.c4 d6 3.Nf3 g6 4.Nc3 Bg7 5.e4 O-O 6.Be2 e5 7.d5 a5 8.Bg5 h6 9.Bh4 Na6
10.Nd2 Bd7 11.a3 Qe8 12.b3 Nh7 13.O-O h5 14.f3 Bf6 15.Bf2 Qe7 16.Rb1 Bg5
17.b4 axb4 18.axb4 b6 19.c5 bxc5 20.bxc5 Nxc5 21.Bxc5 dxc5 22.Nc4 Rfb8 23.g3 Bh6
24.Qc2 h4 25.Rbd1 hxg3 26.hxg3 Qg5 27.Kf2 Nf6 28.Rh1 Bg7 29.Qc1 Qxc1 30.Rxc1 Ne8
31.Rb1 Nd6 32.Rxb8+ Rxb8 33.Ra1 Nxc4 34.Bxc4 Bf8 35.Rb1 Rb4 36.Rxb4 cxb4
37.Nb5 b3 38.Nxc7 b2 39.Ba2 Bd6 40.Na8 Bb5 41.Ke3 Kf8 42.Kd2 Bc4 43.Bb1 Bc5
44.Kc3 Be2 45.Kxb2 Bxf3 46.Kc3 Ke7 47.Nc7 Bf2 48.Kd2 Bxg3 49.Ke3 Bg4 50.Na6 Kd6
51.Nb4 f5 52.Nd3 Bh2 53.Kf2 fxe4 54.Nb4 Bf5 55.Nc2 Bf4 56.Ba2 g5 57.Ne3 Bxe3+
58.Kxe3 Bg6 59.Bb3 g4 60.Bc4 Bf7 61.Be2 g3 62.Bf1 Bxd5 63.Bg2 Ke6 64.Bh3+ Kf6
65.Bg2 Kg5 66.Bh3 Kh4 67.Bg2  0-1

[Event "TCh-NOR Eliteserien 2012-13"]
[Site "Haraldsheim NOR"]
[Date "2012.11.03"]
[Round "2"]
[White "Johansen,Te"]
[Black "Trygstad,K"]
[Result "1/2-1/2"]
[WhiteElo "2265"]
[BlackElo "2243"]

1.d4 Nf6 2.c4 g6 3.Nc3 Bg7 4.Nf3 O-O 5.e4 d6 6.Be2 e5 7.O-O exd4 8.Nxd4 Re8
9.f3 Nc6 10.Be3 Nh5 11.Qd2 f5 12.Nxc6 bxc6 13.c5 d5 14.exd5 Bxc3 15.bxc3 Qe7
16.Kf2 Qh4+ 17.Kg1 Qe7 18.Kf2 Qh4+ 19.Kg1 Qe7 20.Kf2 Qh4+  1/2-1/2

[Event "TCh-NOR Eliteserien 2012-13"]
[Site "Haraldsheim NOR"]
[Date "2012.11.03"]
[Round "2"]
[White "Hammerstad,A"]
[Black "Stokke,K"]
[Result "1-0"]
[WhiteElo "2260"]
[BlackElo "2403"]

1.d4 Nf6 2.c4 g6 3.Nc3 Bg7 4.e4 d6 5.Nf3 O-O 6.Be2 e5 7.O-O Nbd7 8.Be3 Re8
9.d5 Nh5 10.g3 Bf8 11.Ne1 Ng7 12.f3 Be7 13.Qd2 f5 14.Nd3 g5 15.f4 exf4 16.gxf4 Nf6
17.fxg5 Nxe4 18.Nxe4 fxe4 19.Nf2 Nf5 20.Ng4 Rf8 21.Rxf5 Rxf5 22.Nh6+ Kg7
23.h4 Qe8 24.Qd4+ Re5 25.Rf1 Bf8 26.Rf7+ Kh8 27.Bh5 Bg7 28.Rxg7  1-0

[Event "TCh-NOR Eliteserien 2012-13"]
[Site "Haraldsheim NOR"]
[Date "2012.11.03"]
[Round "2"]
[White "Aulin Jansson,J"]
[Black "Gabrielsen,S"]
[Result "1-0"]
[WhiteElo "2232"]
[BlackElo "2316"]

1.d4 Nf6 2.Nf3 g6 3.c4 Bg7 4.Nc3 O-O 5.e4 d6 6.Be2 e5 7.dxe5 dxe5 8.Qxd8 Rxd8
9.Bg5 Re8 10.Nd5 Nxd5 11.cxd5 c6 12.O-O cxd5 13.exd5 Nd7 14.Rfd1 Nb6 15.Rac1 h6
16.Bb5 Bd7 17.Bxd7 Nxd7 18.Rc7 Nb6 19.Be7 e4 20.Ne1 Nc8 21.Ba3 Bf8 22.Bxf8 Kxf8
23.Rxb7 Re7 24.Rb4 Nd6 25.Nc2 a5 26.Ra4 Rc8 27.Nd4 Rb7 28.b3 Rc5 29.Nc6 Rbb5
30.Rad4 Nf5 31.Rxe4 Rxd5 32.Rxd5 Rxd5 33.Kf1 Nd6 34.Rd4 Rxd4 35.Nxd4 Ke8
36.Ke2 Kd7 37.Kd3 Kc7 38.Nf3 Kc6 39.Ne5+ Kb5 40.Nc4  1-0

[Event "Chigorin Memorial"]
[Site "St Petersburg RUS"]
[Date "2012.11.03"]
[Round "8.137"]
[White "Aseev,Vladimir"]
[Black "Egorov,Daniil"]
[Result "1-0"]
[WhiteElo "2095"]
[BlackElo "1819"]

1.d4 Nf6 2.c4 d6 3.Nc3 g6 4.e4 Bg7 5.Nf3 O-O 6.Be2 e5 7.O-O exd4 8.Nxd4 Re8
9.f3 Nc6 10.Be3 Nh5 11.Qd2 Nf4 12.Bxf4 Nxd4 13.Bd1 Be6 14.Nd5 c6 15.Ne3 Qb6
16.Kh1 Rad8 17.Bg5 f6 18.Bh4 d5 19.cxd5 cxd5 20.exd5 Bxd5 21.Nxd5 Qb5 22.Qxd4 Qxf1+
23.Qg1 Qc4 24.Nxf6+ Kh8 25.Nxe8 Rxe8 26.Bf2 Bxb2 27.Bb3 Qc3 28.Rd1 Qb4 29.Bxa7 Bc3
30.h3 Qf4 31.Bd4+ Bxd4 32.Qxd4+ Qxd4 33.Rxd4 Re7 34.Kg1 Kg7 35.Kf2 Kf6 36.Rf4+ Kg7
37.Re4 Rc7 38.f4 Kf6 39.g4 h6 40.h4 Kg7 41.Rb4 Re7 42.Bd5  1-0

[Event "Chigorin Memorial"]
[Site "St Petersburg RUS"]
[Date "2012.11.03"]
[Round "8.39"]
[White "Baryshpolets,A"]
[Black "Yandarbiev,R"]
[Result "1-0"]
[WhiteElo "2510"]
[BlackElo "2356"]

1.d4 Nf6 2.c4 g6 3.Nc3 Bg7 4.e4 d6 5.Nf3 O-O 6.Be2 e5 7.O-O Na6 8.Re1 c6
9.Rb1 exd4 10.Nxd4 Nc5 11.f3 a5 12.Be3 Re8 13.Bf1 Qe7 14.Qd2 Bd7 15.Rbd1 Bf8
16.Bg5 a4 17.b4 axb3 18.axb3 Bg7 19.b4 Na4 20.Nxa4 Rxa4 21.Nc2 Be6 22.c5 Bb3
23.cxd6 Qe5 24.f4 Qb2 25.d7 Rd8 26.e5 Qxc2 27.Qxc2 Bxc2 28.exf6 Bf8 29.Re8 Raa8
30.Rde1 Bf5 31.Rxd8 Rxd8 32.Re8  1-0

[Event "Chigorin Memorial"]
[Site "St Petersburg RUS"]
[Date "2012.11.03"]
[Round "8.69"]
[White "Krivenko,S"]
[Black "Aminov,Andrey"]
[Result "1-0"]
[WhiteElo "2341"]
[BlackElo "2147"]

1.d4 Nf6 2.c4 g6 3.Nc3 Bg7 4.e4 d6 5.Be2 O-O 6.Nf3 e5 7.Be3 exd4 8.Nxd4 Re8
9.f3 c6 10.Bf2 d5 11.exd5 cxd5 12.O-O Nc6 13.c5 Nh5 14.Qd2 Be5 15.g3 Ng7
16.Rfd1 Be6 17.Ncb5 a6 18.f4 axb5 19.fxe5 Nxe5 20.Nxb5 Nf5 21.Qf4 f6 22.g4 g5
23.Qd2 Ne7 24.Nd6 Rf8 25.Qe3 Qd7 26.h3 N7c6 27.Bg3 b6 28.Bb5 Qe7 29.Bxc6 Nxc6
30.Re1 Nd8 31.cxb6 d4 32.Qxd4 Qd7 33.Qe3 Bd5 34.Rad1 Qc6 35.Nf5  1-0

[Event "Chigorin Memorial"]
[Site "St Petersburg RUS"]
[Date "2012.11.03"]
[Round "8.66"]
[White "Kiselev,P"]
[Black "Solovjov,S"]
[Result "1-0"]
[WhiteElo "2188"]
[BlackElo "2371"]

1.d4 Nf6 2.Nf3 g6 3.c4 Bg7 4.Nc3 O-O 5.e4 d6 6.Be2 e5 7.Be3 exd4 8.Nxd4 Re8
9.f3 c6 10.Nc2 d5 11.cxd5 cxd5 12.exd5 Bf5 13.Bf2 Bxc2 14.Qxc2 Nxd5 15.Nxd5 Qxd5
16.O-O Nc6 17.Bc4 Qe5 18.Rfe1 Qxb2 19.Rxe8+ Rxe8 20.Qxb2 Bxb2 21.Rb1 Bf6
22.Rxb7 Re7 23.Rxe7 Bxe7 24.Bb5 Nb4 25.a4 a6 26.Bc4 Kg7 27.Bd4+ f6 28.Bb6 f5
29.Kf2 Bd6 30.h3 Kf6 31.Ke3 h5 32.h4 Ke7 33.Kd2 Nc6 34.Bxa6 Bg3 35.Bb5 Nb8
36.a5 Bxh4 37.a6 Nxa6 38.Bxa6 Bg3 39.Bc8 Bh2 40.Kd3 Kf6 41.Bd8+ Kf7 42.Kc4 Be5
43.Kd5 Bb2 44.Be6+ Kf8 45.Bg5 Kg7 46.Kd6 Ba3+ 47.Kd7 Bb2 48.Bc4 Bc3 49.Ke6 Ba5
50.Bf6+ Kf8 51.Bd4 Bd8 52.Bb5 Bh4 53.Bc5+ Kg7 54.Be8 Bd8 55.Bd4+ Kh6 56.Kf7 Ba5
57.Bf6 Kh7 58.Bb5 Bb6 59.Bc4 Bc5 60.Bc3 Bb6 61.Bd3 Be3 62.Bg7 Bd2 63.g4 hxg4
64.fxg4 Bh6 65.Bxh6 Kxh6 66.Bxf5  1-0

[Event "TCh-AUT 2012-13"]
[Site "Hohenems AUT"]
[Date "2012.11.04"]
[Round "3.5"]
[White "Diermair,A"]
[Black "Schachinger,M"]
[Result "0-1"]
[WhiteElo "2407"]
[BlackElo "2426"]

1.d4 Nf6 2.c4 g6 3.Nc3 Bg7 4.Nf3 O-O 5.e4 d6 6.Be2 e5 7.O-O Nbd7 8.Be3 exd4
9.Nxd4 Re8 10.f3 c6 11.Nc2 Bf8 12.Qd2 a5 13.b3 Nc5 14.Rfd1 Ne6 15.Rab1 Nd7
16.Bf1 Qf6 17.Na4 h5 18.Bf2 Kh7 19.Bg3 Nec5 20.Nxc5 dxc5 21.a4 Ne5 22.f4 Ng4
23.h3 h4 24.Be1 Rxe4 25.Bd3 Re8 26.hxg4 Bxg4 27.Qc3 Qxf4 28.Bd2 Qg3 29.Rf1 Be6
30.Bf4 Qg4 31.Ne3 Qh5 32.Be5 h3 33.Be2 Qxe2 34.Rb2 Qh5 35.Rbf2 Kg8 36.Bf6 Bd6
37.Qd2 Be5 38.g4 Bxg4 39.Bxe5 Rxe5 40.Rxf7 h2+ 41.Kh1 Qh6 42.R7f4 Bh3 43.R1f3 Rae8
44.Qd6 Rxe3 45.Rxe3 Bg2+  0-1

[Event "TCh-HUN 2012-13"]
[Site "Mako HUN"]
[Date "2012.11.04"]
[Round "3"]
[White "Eltigani,O"]
[Black "Csirik,A"]
[Result "0-1"]
[WhiteElo "2295"]
[BlackElo "2313"]

1.d4 Nf6 2.c4 g6 3.Nc3 Bg7 4.e4 d6 5.Be2 O-O 6.Nf3 e5 7.Be3 c6 8.d5 Ng4 9.Bg5 f6
10.Bh4 c5 11.h3 Nh6 12.O-O Nf7 13.Ne1 Qd7 14.a3 f5 15.b4 f4 16.Bg4 Qe8 17.Nb5 g5
18.Be6 Bxe6 19.Nc7 Qe7 20.dxe6 Qxc7 21.exf7+ Qxf7 22.Bxg5 cxb4 23.axb4 Qxc4
24.Qxd6 Qxe4 25.b5 Qg6 26.Qd5+ Qf7 27.Qe4 Rc8 28.Nf3 Rc4 29.Qe2 Nd7 30.Nd2 Rd4
31.Rfc1 Nf8 32.f3 Ng6 33.h4 h6 34.h5 hxg5 35.hxg6 Qxg6 36.Ne4 g4 37.Nf2 g3
38.Ng4 e4 39.Ra3 e3 40.b6 Qxb6 41.Qa2+ Kh8 42.Ra5 Rd1+  0-1

[Event "Subzonal 2.3 2012"]
[Site "Pamplona COL"]
[Date "2012.11.06"]
[Round "3.1"]
[White "Rios,Cr"]
[Black "Zapata,Alo"]
[Result "0-1"]
[WhiteElo "2351"]
[BlackElo "2470"]

1.d4 Nf6 2.c4 g6 3.Nc3 Bg7 4.e4 d6 5.Nf3 O-O 6.Be2 Na6 7.O-O e5 8.Be3 Ng4
9.Bg5 Qe8 10.dxe5 dxe5 11.h3 h6 12.Bc1 Nf6 13.Be3 b6 14.Qc2 Bb7 15.Nd5 Kh7
16.Rfd1 c5 17.a3 Rc8 18.g4 Nc7 19.g5 Ng8 20.gxh6 Bxh6 21.Qd2 f6 22.Nh4 Ne6
23.Bg4 Nd4 24.Bxh6 Nxh6 25.Bxc8 Bxc8 26.Qd3 Kg7 27.Nf3 Nf7 28.Nxd4 cxd4 29.h4 Rh8
30.Qg3 Nd6 31.f3 Rh5 32.Rac1 g5 33.c5 bxc5 34.Rxc5 Rxh4 35.Rc7+ Nf7 36.Rdc1 Bd7
37.R1c2 Be6 38.Rxa7 Qb8 39.Ra6 Qb3 40.Qg2 Bxd5 41.exd5 e4 42.fxe4 Ne5 43.d6 Qe3+
44.Rf2 Rg4 45.d7 Nf3+ 46.Kh1 Rh4+  0-1

[Event "WY BU18 2012"]
[Site "Maribor SLO"]
[Date "2012.11.08"]
[Round "1"]
[White "Anton Guijarro,D"]
[Black "Stegariu,V"]
[Result "1-0"]
[WhiteElo "2559"]
[BlackElo "2217"]

1.d4 Nf6 2.Nf3 g6 3.c4 Bg7 4.Nc3 O-O 5.e4 d6 6.Be2 Nbd7 7.O-O e5 8.Qc2 Re8
9.d5 a5 10.Bg5 Nc5 11.Nd2 Bd7 12.b3 c6 13.a3 cxd5 14.cxd5 Qc8 15.Qb2 Qb8
16.b4 Na6 17.bxa5 Nc5 18.Be3 Rc8 19.Nc4 Ra7 20.Rfc1 Nfxe4 21.Nxe4 Nxe4 22.Nb6 Rd8
23.Nxd7 Rxd7 24.Bxa7 Qxa7 25.Rc8+ Bf8 26.Qb6  1-0

[Event "WY BU16 2012"]
[Site "Maribor SLO"]
[Date "2012.11.08"]
[Round "1.7"]
[White "Svane,R"]
[Black "Markoja,S"]
[Result "0-1"]
[WhiteElo "2399"]
[BlackElo "2048"]

1.d4 Nf6 2.c4 g6 3.Nc3 Bg7 4.e4 d6 5.Nf3 O-O 6.Be2 e5 7.Be3 c6 8.d5 Ng4 9.Bg5 f6
10.Bh4 h5 11.Nd2 c5 12.h3 Nh6 13.g4 hxg4 14.hxg4 Nf7 15.Qc2 Bh6 16.O-O-O Kg7
17.f3 Na6 18.Bf2 Bd7 19.Qb3 Nc7 20.Kc2 Rb8 21.Rh3 b6 22.Rdh1 Rh8 23.Bd3 a6
24.a4 Qe8 25.Be1 b5 26.cxb5 axb5 27.axb5 Nxb5 28.Nxb5 Bxb5 29.Bxb5 Rxb5 30.Qa2 Bxd2
31.Rxh8 Nxh8 32.Bxd2 Qb8 33.Bh6+ Kg8 34.Bd2 Kg7 35.Bc3 Nf7 36.Qc4 Ng5 37.Rf1 Qb7
38.f4 Nf7 39.f5 Ng5 40.Ra1 Nf3 41.Ra7 Rxb2+ 42.Bxb2 Qxa7 43.Qb5 gxf5 44.gxf5 Ng5
45.Kd3 Qa2 46.Bc1 Nf7 47.Be3 Qa1 48.Qd7 Qd1+ 49.Kc3 Qe1+ 50.Bd2 Qa1+ 51.Kc2 Qa2+
52.Kc3 Qa1+ 53.Kc2 Qh1 54.Qa4 Qg2 55.Kc3 Qf2 56.Qc2 Ng5 57.Qd3 Nf3 58.Be3 Qe1+
59.Kc2 Nd4+ 60.Bxd4 exd4 61.Qf3 Qc3+ 62.Qxc3 dxc3 63.Kxc3 Kh6 64.Kd3 Kg5
65.Ke3 c4 66.Kd4 Kf4 67.e5 fxe5+  0-1

[Event "WY BU18 2012"]
[Site "Maribor SLO"]
[Date "2012.11.08"]
[Round "1.11"]
[White "Naoum,S"]
[Black "Kovalev,Vl"]
[Result "1-0"]
[WhiteElo "2184"]
[BlackElo "2484"]

1.d4 Nf6 2.c4 g6 3.Nf3 Bg7 4.Nc3 O-O 5.e4 d6 6.Be2 e5 7.O-O Na6 8.Re1 Qe8
9.Bf1 Bg4 10.d5 Nb4 11.Be2 a5 12.h3 Bd7 13.Nd2 Na6 14.Rb1 Nc5 15.b3 Kh8 16.a3 Ng8
17.Qc2 f5 18.b4 axb4 19.axb4 Nxe4 20.Ndxe4 fxe4 21.Nxe4 Ne7 22.g4 Ng8 23.Be3 Bh6
24.c5 Bxe3 25.fxe3 Qd8 26.Rf1 Ra3 27.cxd6 cxd6 28.Rxf8 Qxf8 29.Rf1 Qh6 30.Rf3 Qh4
31.Qb2 Qe1+ 32.Rf1 Rb3 33.Qxb3 Qxe2 34.Nxd6 Nh6 35.Qa3 Nxg4 36.hxg4 Qxg4+
37.Kf2 Qh4+ 38.Ke2 Qh2+ 39.Ke1 Kg8 40.Nc4 Bh3 41.Qb2 Qxb2 42.Nxb2 Bxf1 43.Kxf1 Kf7
44.e4 b5 45.Nd3  1-0

[Event "TCh-ESP CECLUB Div Honor 2012"]
[Site "Leon ESP"]
[Date "2012.11.09"]
[Round "5.4"]
[White "Ivanov,Sergey1"]
[Black "Fier,A"]
[Result "1/2-1/2"]
[WhiteElo "2542"]
[BlackElo "2567"]

1.Nf3 Nf6 2.c4 g6 3.Nc3 Bg7 4.e4 O-O 5.d4 d6 6.Be2 Nbd7 7.O-O e5 8.Re1 exd4
9.Nxd4 Re8 10.Bf1 c6 11.Bf4 Ne5 12.h3 Nh5 13.Be3 a6 14.f4 c5 15.Nf5 Bxf5
16.exf5 Nc6 17.fxg6 hxg6 18.Qd2 Rxe3 19.Rxe3 Nxf4 20.Nd5 Bh6 21.Rae1 Ne5
22.Rxe5 dxe5 23.Kh2 Nxd5 24.Qxh6 Nf6 25.Rxe5 Qb8 26.Qf4 Nh5 27.Qe4 f6 28.Qxg6+ Kf8
29.Qh6+ Kf7 30.Qxh5+ Kg7 31.Qg4+ Kf8 32.g3 Qxe5 33.Bg2 Rd8 34.h4 Qxb2 35.Kh3 Qd4
36.Qg6 Rd7 37.Bd5 Qe5 38.Qg8+ Ke7 39.Qf7+ Kd6 40.Qf8+ Qe7 41.Qb8+ Rc7 42.Bxb7 Qe6+
43.Kh2 Qe2+ 44.Bg2 Qe5 45.Qb6+ Ke7 46.Qxa6 Rd7 47.a4 Rd4 48.Qb7+ Kf8 49.Qc8+ Kg7
50.Kh3 Rxc4 51.a5 Rd4 52.a6 Qe7 53.Bb7 Rd7 54.Qc6 Rd6 55.Qc8 Rd7 56.Qc6 Rd6
57.Qc8 Rd7 58.Qc6 Rd6  1/2-1/2

[Event "WY BU14 2012"]
[Site "Maribor SLO"]
[Date "2012.11.09"]
[Round "2.51"]
[White "Abeywickrama,Sachintha"]
[Black "Guo,Hong-Da Tony D."]
[Result "0-1"]
[WhiteElo "1699"]
[BlackElo "1920"]

1.d4 Nf6 2.Nf3 g6 3.c4 Bg7 4.Nc3 O-O 5.e4 d6 6.Be2 Nbd7 7.O-O e5 8.d5 Nc5
9.Qc2 a5 10.Be3 b6 11.Nd2 Ng4 12.Bxg4 Bxg4 13.f3 Bd7 14.a3 a4 15.Na2 Kh8
16.Nb4 f5 17.Nd3 f4 18.Nxc5 bxc5 19.Bf2 g5 20.Qd3 h5 21.Be1 Rg8 22.Rc1 g4
23.Rc2 Bh6 24.Qc3 Rg7 25.Rf2 g3 26.hxg3 fxg3 27.Re2 h4 28.Nf1 Rb8 29.Bd2 Rb3
30.Bxh6 Rxc3 31.Bxg7+ Kxg7 32.Rxc3 Qg5 33.Rcc2 Qf4 34.Rcd2 Kh6 35.Ne3 h3
36.Ng4+ Bxg4 37.fxg4 h2+  0-1

[Event "38th ch-BAN 2012"]
[Site "Dhaka BAN"]
[Date "2012.11.10"]
[Round "3.2"]
[White "Chatterjee,D"]
[Black "Bhuiyan,G"]
[Result "1-0"]
[WhiteElo "2307"]
[BlackElo "2211"]

1.d4 Nf6 2.c4 g6 3.Nc3 Bg7 4.e4 O-O 5.Nf3 d6 6.Be2 e5 7.O-O Nbd7 8.Re1 c6
9.Bf1 Qb6 10.dxe5 dxe5 11.Qc2 Qc7 12.Na4 Re8 13.h3 Nf8 14.Be3 Ne6 15.Rad1 c5
16.Nc3 Nd4 17.Bxd4 cxd4 18.Nb5 Qc5 19.b4 Qe7 20.c5 Rd8 21.Bc4 Ne8 22.Bd5 a6
23.Na3 Nc7 24.Nc4  1-0

[Event "WY BU18 2012"]
[Site "Maribor SLO"]
[Date "2012.11.10"]
[Round "3.19"]
[White "Naoum,S"]
[Black "Ferreira,Jor1"]
[Result "1/2-1/2"]
[WhiteElo "2184"]
[BlackElo "2402"]

1.d4 Nf6 2.c4 g6 3.Nc3 Bg7 4.Nf3 O-O 5.e4 d6 6.Be2 e5 7.O-O Nbd7 8.Re1 Qe7
9.Bf1 exd4 10.Nxd4 c6 11.f3 Nc5 12.Be3 a5 13.Qd2 Nh5 14.Rad1 Be5 15.g3 Re8
16.Bf2 a4 17.Bg2 Be6 18.f4 Bg7 19.Nxe6 Nxe6 20.Bf3 a3 21.b3 Qf6 22.Na4 Nhxf4
23.gxf4 Nxf4 24.Be3 Nh3+ 25.Kg2 Qh4 26.Rf1 Be5 27.Qe1 Nf4+ 28.Kh1 Qe7 29.Nc3 Ne6
30.Ne2 Nc5 31.Qf2 Na6 32.Bd4 Nb4 33.Nc3 Qf6 34.Bg2 Qe7 35.Bxe5 dxe5 36.Qf6 Nc2
37.Qxe7 Rxe7 38.Rf2 Nd4 39.Ne2 Nc2 40.Rd2 Nb4 41.Rf1 Kg7 42.Bh3 Na6 43.Rfd1 Nc5
44.Nc3 Kh6 45.Rd8 Ra7 46.b4 Na4 47.Nxa4 Rxa4 48.Rb1 c5 49.bxc5 Rxc4 50.Rd3 Rxe4
51.Rxa3 Rc4 52.Rab3 Rxc5 53.Rxb7 Rxb7 54.Rxb7 Rc1+ 55.Kg2 Rc2+ 56.Kg1 Rxa2  1/2-1/2

[Event "WY BU18 2012"]
[Site "Maribor SLO"]
[Date "2012.11.10"]
[Round "3.43"]
[White "Navalgund,N"]
[Black "Verstraeten,R"]
[Result "1-0"]
[WhiteElo "2149"]
[BlackElo "2211"]

1.d4 Nf6 2.c4 g6 3.Nc3 Bg7 4.e4 O-O 5.Nf3 d6 6.Be2 e5 7.O-O exd4 8.Nxd4 Re8
9.f3 c6 10.Kh1 Nbd7 11.Be3 a6 12.Nc2 Ne5 13.f4 Neg4 14.Bg1 Nh6 15.Bf3 Bg4
16.h3 Nh5 17.Bh2 Bxf3 18.Qxf3 Qb6 19.Rab1 f5 20.g4 Rxe4 21.Nxe4 fxe4 22.Qe3 Qxe3
23.Nxe3 Nf6 24.g5 Nf5 25.Nxf5 gxf5 26.gxf6 Bxf6 27.Bg1 Kf7 28.Rbd1 Be7 29.Bd4 Bf8
30.b4 Bh6 31.c5 d5 32.Rd2 Ke6 33.a4 Ra7 34.Be5 Ra8 35.Kg1 Bf8 36.Rc1 Rc8
37.a5 Bh6 38.Rc3 Rd8 39.Rg3 Kf7 40.Kf2 Re8 41.Bd6 Bg7 42.Ke3 Bf6 43.Be5 Rxe5
44.fxe5 Bxe5 45.Rg1 f4+ 46.Ke2 Ke6 47.Rg8 Bf6 48.Re8+ Kf5 49.b5 axb5 50.Rxd5+ cxd5
51.a6 f3+ 52.Kf1 bxa6 53.c6 Be5 54.Rxe5+ Kxe5 55.c7 Kf4 56.c8=Q d4 57.Qc5 Ke3
58.Qc1+ Kd3 59.Kf2 b4 60.Qb1+ Kc3 61.Qxe4 b3 62.Qc6+ Kd2 63.Qxa6 b2 64.Qb5 Kc3
65.Kxf3 h5 66.Ke2 h4 67.Qd3+  1-0

[Event "WY BU18 2012"]
[Site "Maribor SLO"]
[Date "2012.11.10"]
[Round "3.20"]
[White "Hasenohr,B"]
[Black "Kovalev,Vl"]
[Result "1-0"]
[WhiteElo "2196"]
[BlackElo "2484"]

1.Nf3 Nf6 2.c4 g6 3.Nc3 Bg7 4.d4 O-O 5.e4 d6 6.Be2 e5 7.O-O Na6 8.Re1 Qe8
9.Bf1 Bg4 10.d5 Nb4 11.Be2 a5 12.Be3 Bd7 13.Nd2 Na6 14.b3 h5 15.h3 Kh7 16.g4 Ng8
17.Kg2 Qe7 18.gxh5 Bh6 19.hxg6+ fxg6 20.Bg4 Nf6 21.Bxh6 Kxh6 22.Re3 Nxg4
23.hxg4 Kg7 24.Qe2 Rh8 25.Rg1 Raf8 26.Rg3 Nc5 27.Nd1 Rf4 28.f3 Rff8 29.Nf2 Rb8
30.Qe3 b5 31.cxb5 Bxb5 32.Qc3 Qh4 33.Rh1 Qg5 34.Rxh8 Rxh8 35.Qxa5 Nd3 36.Qxc7+ Kg8
37.Qb8+ Kg7 38.Qxb5 Nf4+ 39.Kf1 Rh2 40.Kg1 Qh4 41.Nf1 Rxf2 42.Kxf2 Qd8 43.Qb7+ Kf8
44.b4 Qg5 45.Qa6 Qd8 46.Ne3 Qc7 47.Qc6 Qa7 48.Qc4 Qa3 49.Rg2 Qb2+ 50.Kg3 Qa1
51.Qf1 Qd4 52.Nc4 Ke7 53.Rd2 Qc3 54.b5 Kd8 55.b6 g5 56.Qb1  1-0